| 000 | 00496nam a2200157 a 4500 | ||
|---|---|---|---|
| 001 | 000044178 | ||
| 005 | 20230131091613.0 | ||
| 008 | 140605s2001 dr a 000 0 spa d | ||
| 040 |
_aDO-SdBNP _bspa _cBNPHU |
||
| 082 |
_axxxxxx _bxxxxxx |
||
| 100 | 1 |
_aSuzaña, Víctor A. _972182 |
|
| 245 | 1 | 0 |
_aAbre la puerta!!! / _cVíctor A. Suzaña ; prólogo Marivell Contreras. |
| 260 |
_aSanto Domingo : _bCumbre, _c2001. |
||
| 300 |
_a151 p. : _bil. ; _c23 cm. |
||
| 700 | 1 |
_aContreras, Marivell _epról. _912302 |
|
| 999 |
_c43667 _d43667 |
||